=LDR 00000nam 2200000 4500 =001 INLIS000000000001889 =005 20130612090253 =008 ***********************************Ind** =035 ##$$0010-061300000001889 =041 ##$$a Ind =082 ##$$a 711.4 =090 ##$$a 711.4, Bud a =100 ##$$a Budihardjo, Eko =245 ##$$a Arsitektur dan kota di Indonesia, Prof.Ir.Eko Budihardjo, M.Sc =260 ##$$a 1992 $b Bandung =300 ##$$a xiv, 210 hlm, 21 cm =650 ##$$a Arsitektur =850 ##$$a NBPNMAT